|
|
|
|
| LEADER |
00000naa2a2200000 4500 |
| 001 |
384096 |
| 005 |
20231101063219.0 |
| 035 |
|
|
|a (RuTPU)RU\TPU\prd\10451
|
| 090 |
|
|
|a 384096
|
| 100 |
|
|
|a 20030205a2002 k y0rusy50 ca
|
| 101 |
0 |
|
|a rus
|
| 102 |
|
|
|a RU
|
| 200 |
1 |
|
|a Инструменты совершенствования деятельности предприятия
|f С. А. Волчков, И. В. Балахонова
|
| 225 |
1 |
|
|a Процессный подход
|
| 320 |
|
|
|a Библиогр.: 8 назв.
|
| 461 |
|
1 |
|0 (RuTPU)RU\TPU\prd\1635
|x 0130-6898
|t Методы менеджмента качества
|o научно-технический журнал
|f Всероссийская организация качества (ВОК)
|d 1999-
|
| 463 |
|
1 |
|0 (RuTPU)RU\TPU\prd\3388
|t № 3
|v С. 11-15
|d 2002
|
| 610 |
1 |
|
|a предприятия
|
| 610 |
1 |
|
|a инструменты
|
| 610 |
1 |
|
|a трехуровневое моделирование
|
| 610 |
1 |
|
|a отраслевые модели
|
| 610 |
1 |
|
|a концептуальные модели
|
| 610 |
1 |
|
|a документация
|
| 610 |
1 |
|
|a система менеджемента качества
|
| 700 |
|
1 |
|a Волчков
|b С. А.
|
| 701 |
|
1 |
|a Балахонова
|b И. В.
|
| 801 |
|
1 |
|a RU
|b 63413507
|c 20030205
|g PSBO
|
| 801 |
|
2 |
|a RU
|b 63413507
|c 20130520
|g RCR
|
| 942 |
|
|
|c BK
|